01521nam a22003377a 4500001000400000003000400004005001700008008004100025020001800066040000800084041001300092082001700105100002400122240002000146245010900166250001300275260004000288300001900328520044800347650002700795650002400822650001800846655001600864655002000880700004000900700005400940830002700994942001501021952013401036999001301170471OSt20250902095518.0250902b |||||||g |||| 00| 1 eng d a9788506065785 bpor1 aporheng04a028.5bA757c1 aArnold, Nick.9101200aChemical chaos.10aCaos químico /cNick Arnold ; ilustrado por Tony De Saulles ; [tradução de Antonio Carlos Vilela]. a2. ed. - aSão Paulo :bMelhoramentos,c2011 a158p. :bil. ; aO lado fascinante ( e nojento ) da ciência! Caos Químico pode explodir seu cérebro! Você está ardendo de curiosidade para saber: Por quê os vidros são na verdade, líquidos? O que produziria o maio mau cheiro do mundo? Como fazer sua própria pasta de dente? Se você acha que tem estômago para agüentar o lado nojento da ciência, veja o caos químico sendo colocado à prova. A ciência nunca foi tão horrível.  0aLiteratura Inglesa989 0aInfantojuvenil9200 0aQuimica91017 0aRomance923 0aFicção 9221 aDe Saulles, Tony.eILUSTRADOR91014 a Vilela, Antônio Carlos.eTradutord1966-91015 aSaber horrível91013 2ddcn0cBK 00102ddc40708FICaBIBIBbBIBIBcIJd2025-09-02edoaçãol0o028.5 / A757cp2025-17401r2025-09-02 09:39:22w2025-09-02yBK c471d471